000 00878cam a2200313 4500
008 090401t1997 xxu||||| |||| 00| 0 eng d
020 _a0117533319
035 _a(Sirsi) u78494
041 _aeng
050 _a690.0212
110 _aUnited Kingdom
_bDepartment of the Environment
_9982
245 _aDigest of data for the construction industry.
250 _a4th ed.
260 _aLondon
_bStationery Office
_c1997
300 _axii,228p. ; 30cm.
350 _a42
650 _aBUILT ENVIRONMENT-BUILDING COSTS
650 _aCONSTRUCTION INDUSTRY
650 _aEMPLOYMENT
650 _aFLOORSPACE STATISTICS
650 _aHEALTH AND SAFETY
_96244
650 _aLOCAL AUTHORITIES
650 _aPLANNING APPLICATIONS
650 _aPRIVATE FINANCE INITIATIVE
650 _aSTATISTICS
690 _aBUILT ENVIRONMENT
942 _n0
948 _c21/05/1997
999 _c96455
_d96455